000
00347nam a2200133Ia 4500
008
230411s9999 xx 000 0 und d
041
_a
eng
082
_a
CH/610.7343/BAS/B04262
100
_a
Basavanthappa BT
245
_a
Community Health Nursing
260
_b
Jaypee Brothers
_a
New Delhi
_c
2007
300
_a
1088p
999
_c
154962
_d
154962